000
00233nam a2200097Ia 4500
001
990329
005
20250826221309.0
008
250824s9999 xx 000 0 und d
245
0
_a
KENDİNİ BULMAK
_c
İHSAN FAZLIOĞLU
260
_b
KETEBE
999
_c
990329
_d
990329